| 000 | 00389cam a2200145ua 4500 | ||
|---|---|---|---|
| 041 |
_aeng _h |
||
| 082 |
_a320.58 _bVIS/SO |
||
| 100 | _aViswanathan, Thandan . | ||
| 245 |
_asocial and political philoshyof survodaya Gandhji / _cViswanath tandan. _hTextual Documents |
||
| 260 |
_a : _bSarva seva sangh , _c1962. |
||
| 300 | _a252 ; . | ||
| 504 | _a | ||
| 942 | _cBK | ||
| 999 |
_c12407 _d12407 |
||